| 000 | 00490nmm a2200157Ia 4500 | ||
|---|---|---|---|
| 008 | 251105s9999||||xx |||||||||||||||||und|| | ||
| 020 | _a9788477338895 | ||
| 041 | _aspa | ||
| 100 | _aCarrasquer Launed, Francisco | ||
| 245 | 0 | _aServet, Spinoza y Sender: miradas de eternidad | |
| 264 |
_a[Madrid, España] : _bPrensas Universitarias de Zaragoza, _c2007 |
||
| 300 | _a97 páginas | ||
| 650 | _aPhilosophy, Ethics | ||
| 856 | _uhttps://public.digitaliapublishing.com/a/8989 | ||
| 942 | _cCF | ||
| 999 |
_c85310 _d85310 |
||